[Event "Euskadi-chT (Vasca) Div 1st"]
[Site "Bergara"]
[Date "2016.??.??"]
[Round "9.3"]
[White "Alberdi Sololuce, Paulo"]
[Black "Aguirre Canflanca, Josu"]
[Result "1-0"]
[WhiteElo "2231"]
[BlackElo "2210"]
[PlyCount "117"]
[EventDate "2016.01.09"]
[EventType "team-tourn"]
[EventRounds "9"]
[EventCountry "ESP"]
[SourceTitle "EXT 2024"]
[Source "ChessBase"]
[SourceDate "2023.10.10"]
[SourceVersion "1"]
[SourceVersionDate "2023.10.10"]
[SourceQuality "1"]

1. c4 c5 2. g3 Nf6 3. Bg2 Nc6 4. Nc3 e6 5. Nf3 d5 6. cxd5 exd5 7. d4 Be7 8. 0-0 0-0 9. Bg5 cxd4 10. Nxd4 h6 11. Bf4 Be6 12. Rc1 Qd7 13. Nxe6 fxe6 14. Bh3 Rad8 15. Qd3 Bd6 16. Bxd6 Qxd6 17. Nb5 Qe7 18. Nd4 Rd6 19. Nxc6 bxc6 20. Qa3 Qc7 21. Qe3 Re8 22. Rc2 Kf7 23. Rfc1 Rc8 24. Qe5 Ke7 25. e3 Kf7 26. b4 Nd7 27. Qf4+ Kg8 28. Qd4 Qb6 29. Qh4 Ne5 30. Qe7 Rcd8 31. Bxe6+ Kh8 32. Bf5 Nc4 33. Bd3 Qxb4 34. Qxa7 Ne5 35. Be2 Qe4 36. Qd4 Rf8 37. f4 Nf3+ 38. Bxf3 Qxf3 39. Rxc6 Rxc6 40. Rxc6 Rb8 41. Rc1 Qe2 42. Qe5 Ra8 43. a4 Qa2 44. Rc7 Qb1+ 45. Kg2 Qg6 46. Qxd5 Re8 47. Qf7 Qe4+ 48. Kh3 Rg8 49. Re7 Qxa4 50. f5 Qc6 51. e4 Qb5 52. Qg6 Qf1+ 53. Kh4 Qf2 54. h3 Qf3 55. e5 Qe4+ 56. g4 Qe1+ 57. Kh5 Qe3 58. h4 Qc5 59. f6 1-0

[Event "Mondragon op 13th"]
[Site "Mondragon"]
[Date "2013.12.29"]
[Round "5"]
[White "Aguirre Canflanca, Josu"]
[Black "Ausin Matilla, Daniel"]
[Result "1-0"]
[WhiteElo "2205"]
[BlackElo "1991"]
[PlyCount "75"]
[EventDate "2013.12.26"]
[EventType "swiss"]
[EventRounds "6"]
[EventCountry "ESP"]
[SourceTitle "CBM 158 Extra"]
[Source "ChessBase"]
[SourceDate "2014.02.28"]
[SourceVersion "1"]
[SourceVersionDate "2014.02.28"]
[SourceQuality "1"]

1. Nf3 Nf6 2. c4 g6 3. Nc3 Bg7 4. e4 d6 5. d4 0-0 6. Be2 e5 7. 0-0 Nc6 8. d5 Ne7 9. Ne1 Ne8 10. Be3 f5 11. f3 f4 12. Bf2 g5 13. a4 a5 14. c5 Rf7 15. Nd3 Kh8 16. Qb3 Ng8 17. cxd6 cxd6 18. Bb6 Qf6 19. Rac1 Qg6 20. Nf2 Ngf6 21. Nb5 g4 22. fxg4 Bxg4 23. Bxg4 Nxg4 24. Nxg4 Qxg4 25. Qf3 Qg6 26. Rc4 Bf8 27. Rfc1 Nf6 28. Nc7 Rc8 29. Ne6 Rxc4 30. Rxc4 Kg8 31. h3 h5 32. Bxa5 Kh7 33. Bd8 Ng4 34. Ng5+ Kg8 35. hxg4 hxg4 36. Qxg4 Rg7 37. Qe6+ Qxe6 38. dxe6 1-0

[Event "Euskadi-chT (Vasca) Div 1st"]
[Site "Bergara"]
[Date "2012.01.14"]
[Round "1.1"]
[White "Reinaldo Castineira, Roi"]
[Black "Aguirre Canflanca, Josu"]
[Result "1-0"]
[WhiteElo "2470"]
[BlackElo "2189"]
[PlyCount "77"]
[EventDate "2012.01.14"]
[EventType "team-tourn"]
[EventRounds "9"]
[EventCountry "ESP"]
[SourceTitle "EXT 2024"]
[Source "ChessBase"]
[SourceDate "2023.10.10"]
[SourceVersion "1"]
[SourceVersionDate "2023.10.10"]
[SourceQuality "1"]

1. e4 e6 2. d4 d5 3. Be3 dxe4 4. Nd2 Nf6 5. Qe2 Nc6 6. c3 Qd5 7. g4 e5 8. g5 exd4 9. gxf6 dxe3 10. Qxe3 Bf5 11. f3 0-0-0 12. fxe4 Bc5 13. Qe2 Bxe4 14. Nxe4 Rhe8 15. Bg2 Ne5 16. Rd1 Nd3+ 17. Kf1 gxf6 18. Qxd3 Qxd3+ 19. Rxd3 Rxd3 20. Nxc5 Rd1+ 21. Kf2 Rd2+ 22. Kf3 Rxb2 23. Nh3 Rxa2 24. Nf4 Re5 25. Bh3+ f5 26. Nfd3 Rd5 27. c4 Rd8 28. Bxf5+ Kb8 29. Rb1 b6 30. Ne5 Rd6 31. Nxf7 Ra3+ 32. Ke4 Rd2 33. Ne5 a5 34. Kf4 Rf2+ 35. Kg5 h6+ 36. Kg6 Re3 37. Nc6+ Ka8 38. Bc8 Rg2+ 39. Kh7 1-0

[Event "Gipuzkoa Provinz-ch"]
[Site "Azkoitia"]
[Date "2005.10.22"]
[Round "2"]
[White "Segovia Sanchez, Antonio"]
[Black "Aguirre Canflanca, Josu"]
[Result "1-0"]
[WhiteElo "2054"]
[BlackElo "2187"]
[PlyCount "64"]
[EventDate "2005.10.15"]
[EventType "swiss"]
[EventRounds "7"]
[EventCountry "ESP"]
[SourceTitle "EXT 2022"]
[Source "ChessBase"]
[SourceDate "2021.10.06"]
[SourceVersion "1"]
[SourceVersionDate "2021.10.06"]
[SourceQuality "1"]

1. d4 Nf6 2. Nf3 e6 3. Bg5 b6 4. Nbd2 Bb7 5. e3 c5 6. c3 Be7 7. Bd3 0-0 8. 0-0 h6 9. Bxf6 Bxf6 10. a4 Nc6 11. Nc4 d5 12. Nce5 Qd6 13. Nxc6 Bxc6 14. Bb5 Bb7 15. Bd3 Rfd8 16. Qe2 Qc7 17. Rfd1 g6 18. Rac1 Rac8 19. Bc2 Bg7 20. Ne1 e5 21. dxe5 Qxe5 22. Nd3 Qg5 23. Nf4 d4 24. g3 dxe3 25. Qxe3 Re8 26. Qd3 Rcd8 27. Qc4 Rxd1+ 28. Rxd1 Qe5 29. h3 Bc6 30. Kh2 Qf6 31. Bxg6 Re2 32. Bxf7+ Qxf7 1-0